| 000 | 01263nam a2200229Ia 4500 | ||
|---|---|---|---|
| 001 | L510-25769 | ||
| 003 | IT-CnALBA | ||
| 008 | 170116s9999||||xx |||||||||||||| ||und|| | ||
| 040 |
_aIT-CnALBA _cIT-CnALBA |
||
| 041 | _aITALIANO | ||
| 100 | _aRIMINI BENITO | ||
| 245 | 0 | _aRAGIONERIA. AD USO DEGLI ISTITUTI TECNICI COMMERCIALI. APPLICAZIONI. PARTE II. VOL. III. RAGIONERIA PROFESSIONALE. | |
| 250 | _a1a ed. | ||
| 260 |
_aNAPOLI _bMORANO ALBERTO EDITORE _c1978 [1° Ed.:1978 - Ed.Ling.Originale: 1978] |
||
| 300 | _a638 p. | ||
| 500 | _aIMPRESE INDUSTRIALI. BANCHE IMPRESE DI SERVIZI. ASSICURAZIONI. BILANCIO DI ESERCIZIO. RILEVAZIONI D'IMPRESA. GESTIONE PAIANIFICATA. RAGIONERIA E TECNICA PROFESSIONALE. TRASFORMAZIONI DI SOCIETÀ. FUSIONI. CESSIONE DI AZIENDE. LIQUIDAZIONI VOLONTARIE. FALLI | ||
| 501 | _aSocietà San Paolo EM - Piazza San Paolo, 14 - 12051 ALBA (CN) (non commercial uses only) ® Copyright 2017 | ||
| 520 | _aIMPRESE INDUSTRIALI. BANCHE IMPRESE DI SERVIZI. ASSICURAZIONI. BILANCIO DI ESERCIZIO. RILEVAZIONI D'IMPRESA. GESTIONE PAIANIFICATA. RAGIONERIA E TECNICA PROFESSIONALE. TRASFORMAZIONI DI SOCIETÀ. FUSIONI. CESSIONE DI AZIENDE. LIQUIDAZIONI VOLONTARIE. FALLI | ||
| 650 | _aMATEMATICA | ||
| 942 | _cBK | ||
| 957 | _71 | ||
| 999 |
_a30556 _bNO _g Copie: 1 _c284882 _d284882 |
||